Paroles : Night Changes - One Direction - Statistiques

Statistiques générales
  • Ce quiz a été pris 412 fois
    388 depuis la dernière actualisation
  • Le résultat moyen est 218 sur 296
Statistiques - réponses
Réponse % Correct
change
97%
night
94%
a
93%
the
93%
to
93%
you
93%
Does
91%
changes
90%
Her
89%
her
89%
ever
88%
fast
88%
of
88%
like
87%
mother
87%
tonight
87%
baby
86%
dress
86%
Goin'
86%
doesn't
85%
it
85%
It
85%
that
85%
And
84%
and
84%
out
84%
somethin'
84%
Just
83%
she
83%
crazy
82%
kind
82%
how
81%
never
81%
be
80%
drive
80%
when
80%
me
79%
something
79%
red
78%
no
77%
about
75%
into
74%
Everything
73%
is
73%
lately
73%
older
73%
thinkin'
73%
gettin'
71%
only
70%
up
70%
Even
68%
even
68%
will
68%
been
67%
wake
67%
I've
66%
afraid
64%
too
64%
dreamed
63%
had
63%
nothing
63%
she's
63%
She's
63%
showin'
63%
We're
63%
But
62%
off
62%
Drivin'
61%
want
61%
moon
60%
all
59%
for
57%
there's
57%
really
56%
hair
53%
regrets
53%
Havin'
52%
wants
51%
you've
51%
Disappearing
50%
disappearing
50%
forget
49%
through
48%
won't
48%
cigarette
47%
skin
45%
breakin'
43%
head
42%
know
42%
Movin'
41%
fallin'
37%
stop
35%
behind
34%
yet
34%
innocence
33%
Chasing
32%
piece
32%
lost
31%
waitin'
31%
lightin'
27%
hides
26%
'round
26%
He's
23%
are
22%
missin'
22%
headin'
21%
loud
21%
Reminds
20%
doubts
19%
Heart
18%
runnin'
18%
beatin'
14%
Aucun quiz correspondant
Distribution des résultats
% des personnes avec chaque résultat
Percentile par nombre de réponses
Votre historique - résultats
Vous n’avez pas pris ce quiz depuis la dernière actualisation